<?xml version="1.0" encoding="UTF-8"?>
<record
    xmlns:xsi="http://www.w3.org/2001/XMLSchema-instance"
    xsi:schemaLocation="http://www.loc.gov/MARC21/slim http://www.loc.gov/standards/marcxml/schema/MARC21slim.xsd"
    xmlns="http://www.loc.gov/MARC21/slim">

  <leader>00590cam a22002291  4500</leader>
  <controlfield tag="001">sa 67002268 </controlfield>
  <controlfield tag="003">DLC</controlfield>
  <controlfield tag="005">20260227112330.0</controlfield>
  <controlfield tag="008">940720s1964    ii            000 0 urdo </controlfield>
  <datafield tag="010" ind1=" " ind2=" ">
    <subfield code="a">sa 67002268 </subfield>
  </datafield>
  <datafield tag="025" ind1=" " ind2=" ">
    <subfield code="a">PL480:I-U-1241</subfield>
  </datafield>
  <datafield tag="035" ind1=" " ind2=" ">
    <subfield code="a">(OCoLC)30799367</subfield>
  </datafield>
  <datafield tag="040" ind1=" " ind2=" ">
    <subfield code="a">DLC</subfield>
    <subfield code="c">CU</subfield>
    <subfield code="d">CU</subfield>
    <subfield code="d">DLC</subfield>
  </datafield>
  <datafield tag="042" ind1=" " ind2=" ">
    <subfield code="a">premarc</subfield>
  </datafield>
  <datafield tag="050" ind1="0" ind2="0">
    <subfield code="a">PK1979</subfield>
    <subfield code="b">.A45</subfield>
  </datafield>
  <datafield tag="100" ind1="2" ind2=" ">
    <subfield code="a">Ad&#x12B;b &#x1E24;aidar&#x101;b&#x101;d&#x12B;, A&#x1E25;mad &#x2BB;Al&#x12B; K&#x332;h&#x332;&#x101;n&#x332;.</subfield>
  </datafield>
  <datafield tag="245" ind1="1" ind2="0">
    <subfield code="a">Ta&#x1E63;&#x1E25;&#x12B;h&#x332; al-ag&#x332;h&#x332;l&#x101;t&#x324;.</subfield>
  </datafield>
  <datafield tag="260" ind1=" " ind2=" ">
    <subfield code="c">[1964]</subfield>
  </datafield>
  <datafield tag="300" ind1=" " ind2=" ">
    <subfield code="a">288 p.</subfield>
    <subfield code="c">19 cm.</subfield>
  </datafield>
  <datafield tag="500" ind1=" " ind2=" ">
    <subfield code="a">In Urdu.</subfield>
  </datafield>
  <datafield tag="650" ind1=" " ind2="0">
    <subfield code="a">Urdu language</subfield>
    <subfield code="x">Idioms.</subfield>
  </datafield>
  <datafield tag="999" ind1=" " ind2=" ">
    <subfield code="c">73169</subfield>
    <subfield code="d">73169</subfield>
  </datafield>
</record>
